[Event "Lazy PERLA BALTYKU"]
[Site "Lazy"]
[Date "2016.06.27"]
[Round "2.2"]
[White "Shishkin, Vadim"]
[Black "Karpus, Michal"]
[Result "1-0"]
[WhiteElo "2459"]
[BlackElo "2179"]
[PlyCount "89"]
[EventDate "2016.??.??"]

1. d4 Nf6 2. c4 g6 3. Nc3 d5 4. Qb3 dxc4 5. Qxc4 Bg7 6. e4 O-O 7. Bf4 Nc6 8.
Nf3 Nh5 9. Be3 Bg4 10. d5 Na5 11. Qa4 c6 12. Rd1 Bxf3 13. gxf3 Qc7 14. Qa3 b6
15. b4 Nb7 16. dxc6 Qxc6 17. Nd5 Kh8 18. b5 Qd6 19. Qxd6 exd6 20. Bh3 Na5 21.
Rc1 f5 22. exf5 gxf5 23. f4 Nb7 24. Rc6 Nc5 25. Rg1 Ne6 26. Ke2 Nd4+ 27. Bxd4
Bxd4 28. Kf3 Ng7 29. Rxd6 Bc5 30. Rh6 Rf7 31. Re1 Ne8 32. Re5 Nd6 33. Ne3 Nxb5
34. Nxf5 Raf8 35. Rh4 Rd7 36. Ne3 Rd2 37. Bf5 Nd4+ 38. Ke4 Nxf5 39. Rxf5 Re8+
40. Kf3 Rxa2 41. Rf7 Ra3 42. Rfxh7+ Kg8 43. Rh8+ Kf7 44. R4h7+ Kg6 45. f5+ 1-0

[Event "Lazy PERLA BALTYKU"]
[Site "Lazy"]
[Date "2016.06.27"]
[Round "2.3"]
[White "Kubicka, Anna"]
[Black "Jarmula, Lukasz"]
[Result "0-1"]
[WhiteElo "2171"]
[BlackElo "2447"]
[PlyCount "88"]
[EventDate "2016.??.??"]

1. Nf3 c5 2. c4 Nc6 3. Nc3 g6 4. d4 cxd4 5. Nxd4 Bg7 6. Nf3 d6 7. e4 Bxc3+ 8.
bxc3 Nf6 9. Qc2 Qa5 10. Bd2 O-O 11. Be2 Bg4 12. O-O Rac8 13. Rfb1 Qc7 14. Bf4
b6 15. Rb5 Bxf3 16. gxf3 Ne5 17. Rb4 Nfd7 18. Bh6 Rfe8 19. f4 a5 20. fxe5 axb4
21. e6 fxe6 22. cxb4 e5 23. Qb3 e6 24. Qf3 Nb8 25. b5 Nd7 26. h4 Nc5 27. Qg2
Qb7 28. h5 Qxe4 29. Bf3 Qf5 30. Rd1 Red8 31. Kh2 Kf7 32. Bg5 e4 33. Be2 Rd7 34.
f4 Kg8 35. Bg4 Qf8 36. hxg6 hxg6 37. Kg3 Ra8 38. Rh1 Ra3+ 39. Kf2 Rxa2+ 40. Be2
Nd3+ 41. Ke3 d5 42. Be7 Qxf4+ 43. Kd4 Qe5+ 44. Ke3 d4# 0-1

[Event "Lazy PERLA BALTYKU"]
[Site "Lazy"]
[Date "2016.06.27"]
[Round "2.4"]
[White "Chomczyk, Marek"]
[Black "Kocheev, Aleksandr"]
[Result "1-0"]
[WhiteElo "2167"]
[BlackElo "2345"]
[PlyCount "99"]
[EventDate "2016.??.??"]

1. e4 e5 2. a3 Nf6 3. Nc3 d5 4. exd5 Nxd5 5. Bc4 Be6 6. Qf3 c6 7. Nge2 Nc7 8.
d3 Bxc4 9. dxc4 Ne6 10. Be3 Be7 11. O-O O-O 12. Nb5 cxb5 13. Qxb7 Nd7 14. Rad1
Ndc5 15. Rxd8 Nxb7 16. Rd7 Bc5 17. Rxb7 Bxe3 18. fxe3 bxc4 19. Nc3 f6 20. Rd1
Rf7 21. Rxf7 Kxf7 22. Rd7+ Kf8 23. Rd6 Kf7 24. Rc6 Rb8 25. Na4 Rd8 26. Rxc4
Rd1+ 27. Kf2 Rd2+ 28. Kf1 f5 29. Nc5 Nc7 30. Ne4 Rd7 31. Nc3 Ne6 32. Ke2 g5 33.
Ra4 Rb7 34. Rb4 Rc7 35. Rb5 Nc5 36. Ra5 a6 37. Nd5 Rc8 38. Nb6 Rc6 39. Nc4 Kf6
40. Nxe5 Kxe5 41. b4 Kd5 42. Rxc5+ Rxc5 43. bxc5 Kxc5 44. Kd3 Kd5 45. c4+ Ke5
46. g3 a5 47. h3 h6 48. h4 a4 49. Kc3 Ke4 50. c5 1-0

[Event "Lazy PERLA BALTYKU"]
[Site "Lazy"]
[Date "2016.06.27"]
[Round "2.5"]
[White "Smieszek, Wojciech"]
[Black "Lewtak, Damian"]
[Result "0-1"]
[WhiteElo "2137"]
[BlackElo "2323"]
[PlyCount "86"]
[EventDate "2016.??.??"]

1. e4 c5 2. Nf3 Nc6 3. d4 cxd4 4. Nxd4 Nf6 5. Nc3 d6 6. Bc4 Qb6 7. Nb3 e6 8.
Bf4 Ne5 9. Be2 Bd7 10. Qd2 Be7 11. O-O-O Rc8 12. Be3 Qc7 13. f4 Nc4 14. Bxc4
Qxc4 15. e5 dxe5 16. fxe5 Nd5 17. Nxd5 exd5 18. Kb1 Bf5 19. Nd4 Be4 20. Rhf1
O-O 21. Rc1 Bc5 22. Rf4 Rce8 23. Nf3 Bxe3 24. Qxe3 Qc7 25. Rg4 f5 26. Rh4 Qe7
27. Rh3 b6 28. Re1 Rc8 29. Re2 Rc6 30. Nd4 Rg6 31. Nf3 Qc5 32. Qd2 Qe7 33. Qe1
Rc8 34. Rg3 Rgc6 35. Nd4 Rc4 36. Rxe4 fxe4 37. Nf5 Qxe5 38. Nh6+ Kf8 39. Rf3+
Ke8 40. Ng4 Qe7 41. Rf2 e3 42. Nxe3 Re4 43. Re2 d4 0-1

[Event "Lazy PERLA BALTYKU"]
[Site "Lazy"]
[Date "2016.06.27"]
[Round "2.6"]
[White "Swicarz, Maciej"]
[Black "Krainski, Aleksander"]
[Result "0-1"]
[WhiteElo "2292"]
[BlackElo "2141"]
[PlyCount "126"]
[EventDate "2016.??.??"]

1. e4 e5 2. Bc4 Nf6 3. Nc3 Nc6 4. d3 Na5 5. Nf3 Nxc4 6. dxc4 d6 7. h3 Be7 8.
O-O O-O 9. Qe2 c6 10. a4 a5 11. b3 Qc7 12. Ba3 Nd7 13. Nd1 Nc5 14. Nb2 b6 15.
Rad1 f5 16. Bxc5 bxc5 17. exf5 Bxf5 18. Nh2 Rad8 19. Ng4 Bg6 20. g3 e4 21. Rde1
d5 22. Kh2 Bd6 23. cxd5 cxd5 24. Ne3 Be5 25. Nbd1 d4 26. Ng2 Rde8 27. Qg4 Qf7
28. Qe2 Bd6 29. Nb2 Kh8 30. Nc4 Bc7 31. Qg4 Bf5 32. Qg5 h6 33. Qd2 Qd7 34. Nh4
Bh7 35. Nxa5 g5 36. Ng2 Rf3 37. Nc4 Ref8 38. Qe2 e3 39. Rd1 Qf5 40. Ngxe3 dxe3
41. Nxe3 Rxf2+ 42. Rxf2 Qxf2+ 43. Qxf2 Rxf2+ 44. Kg1 Rf7 45. Rd5 Be4 46. Rd2
Rf3 47. Nf1 Rc3 48. Re2 Bd5 49. Re8+ Bg8 50. Ne3 Bxg3 51. Nd5 Rxc2 52. Nf6 Kg7
53. Nxg8 Kf7 54. Rc8 h5 55. Nh6+ Ke6 56. Rc6+ Kd5 57. Rg6 Ke4 58. Nf7 Bf4 59.
a5 g4 60. hxg4 hxg4 61. a6 Ra2 62. Kf1 Kf3 63. Ng5+ Bxg5 0-1

[Event "Lazy PERLA BALTYKU"]
[Site "Lazy"]
[Date "2016.06.27"]
[Round "2.7"]
[White "Kosakowski, Jakub"]
[Black "Sliwicki, Damian"]
[Result "1-0"]
[WhiteElo "2122"]
[BlackElo "2242"]
[PlyCount "123"]
[EventDate "2016.??.??"]

1. e4 e5 2. Nf3 Nc6 3. Bb5 a6 4. Ba4 Nf6 5. O-O Be7 6. Re1 b5 7. Bb3 d6 8. c3
Bg4 9. d3 O-O 10. Nbd2 Re8 11. h3 Bh5 12. Nf1 Na5 13. Bc2 Bf8 14. Ng3 Bg6 15.
Nh4 c5 16. Qf3 d5 17. Bg5 d4 18. Ngf5 Ra7 19. Rac1 Rd7 20. cxd4 cxd4 21. a3 Nb7
22. Bb3 Nd6 23. Rc6 Bxf5 24. Nxf5 Nxf5 25. Qxf5 Rd6 26. Rec1 h6 27. Rc8 Qd7 28.
Qxd7 Rxd7 29. Bd2 Rdd8 30. R8c6 Ra8 31. Rc7 Be7 32. Rb7 a5 33. Rcc7 Kf8 34.
Rxb5 Reb8 35. Rbb7 Rxb7 36. Rxb7 Ne8 37. Bd5 Ra6 38. Bc4 Ra8 39. Rb5 Nd6 40.
Rxa5 Rb8 41. b4 Rc8 42. b5 Ke8 43. Bd5 Bd8 44. Ra6 Nxb5 45. Bc6+ Rxc6 46. Rxc6
Nxa3 47. Bb4 Be7 48. Bxe7 Kxe7 49. g3 Nb1 50. f4 f6 51. Rc7+ Kf8 52. Kf2 Nc3
53. fxe5 fxe5 54. Rc5 Nd1+ 55. Ke2 Nc3+ 56. Kf3 Kf7 57. Rxe5 Kf6 58. Rc5 Ke6
59. Rxc3 dxc3 60. Ke3 c2 61. Kd2 c1=Q+ 62. Kxc1 1-0

[Event "Lazy PERLA BALTYKU"]
[Site "Lazy"]
[Date "2016.06.27"]
[Round "2.8"]
[White "Kyæ, Jerzy"]
[Black "Zaninotto, Franco"]
[Result "1-0"]
[WhiteElo "2225"]
[BlackElo "2127"]
[PlyCount "107"]
[EventDate "2016.??.??"]

1. e4 c5 2. Nf3 Nc6 3. d4 cxd4 4. Nxd4 g6 5. Nc3 Bg7 6. Be3 Nf6 7. Nxc6 bxc6 8.
e5 Ng8 9. Bd4 Qc7 10. e6 Nf6 11. exd7+ Bxd7 12. Qe2 O-O 13. O-O-O Rfe8 14. Be5
Qb7 15. f3 Be6 16. g4 Bh6+ 17. Kb1 Nd7 18. Bd4 c5 19. Bf2 Bg7 20. Qe4 Rab8 21.
Qxb7 Rxb7 22. Be1 Ne5 23. Be2 Bc4 24. Bxc4 Nxc4 25. b3 Ne5 26. Rf1 c4 27. Nd5
e6 28. Ne3 cxb3 29. axb3 f5 30. Bg3 Rf7 31. gxf5 exf5 32. Nd5 g5 33. f4 gxf4
34. Bxf4 Ng6 35. Bc1 Re2 36. h3 Be5 37. Ne3 Bf4 38. Rd8+ Kg7 39. Bb2+ Kh6 40.
Nd5 Bg5 41. Rd6 Kh5 42. Nf6+ Kh4 43. Rxf5 Re1+ 44. Ka2 Bxf6 45. Bxf6+ Kxh3 46.
Rg5 Re2 47. Kb2 Rc7 48. Bc3 Kh4 49. Rg1 Kh3 50. Rd3+ Kh2 51. Rg5 Rf7 52. Bb4
Rff2 53. Bd6+ Nf4 54. Rd4 1-0

[Event "Lazy PERLA BALTYKU"]
[Site "Lazy"]
[Date "2016.06.27"]
[Round "2.9"]
[White "Bilguun, Sumiya"]
[Black "Mielczarski, Miroslaw"]
[Result "1/2-1/2"]
[WhiteElo "2395"]
[BlackElo "2107"]
[PlyCount "92"]
[EventDate "2016.??.??"]

1. e4 c5 2. Nf3 Nc6 3. d4 cxd4 4. Nxd4 g6 5. c4 Bg7 6. Be3 Nf6 7. Nc3 Ng4 8.
Qxg4 Nxd4 9. Qd1 Ne6 10. Qd2 Qa5 11. Rc1 d6 12. Be2 Bd7 13. O-O Bc6 14. f3 g5
15. Rfd1 Be5 16. Nd5 Qxd2 17. Rxd2 b6 18. Bf1 Rc8 19. g3 Rg8 20. Rcc2 h5 21.
Kf2 Bh8 22. Bg2 Nc5 23. Bd4 Bxd5 24. exd5 a5 25. b3 Be5 26. Rc1 Kd7 27. Re1
Bxd4+ 28. Rxd4 f5 29. Bf1 Rcf8 30. Bd3 Nxd3+ 31. Rxd3 f4 32. Rd4 Rg7 33. gxf4
gxf4 34. Rg1 Rxg1 35. Kxg1 Rf5 36. Re4 b5 37. a4 bxc4 38. bxc4 Rf8 39. Kg2 Rb8
40. Kh3 Rb4 41. Kh4 Rxa4 42. Kxh5 Rb4 43. Kg6 a4 44. Kf7 a3 45. Re1 Kc8 46. h4
Rxc4 1/2-1/2

[Event "Lazy PERLA BALTYKU"]
[Site "Lazy"]
[Date "2016.06.27"]
[Round "2.10"]
[White "Kaczmarek, Aleksander"]
[Black "Zaleski, Lukasz"]
[Result "1/2-1/2"]
[WhiteElo "2325"]
[BlackElo "2080"]
[PlyCount "119"]
[EventDate "2016.??.??"]

1. e4 e6 2. Nf3 d5 3. e5 c5 4. b4 d4 5. bxc5 Bxc5 6. Ba3 Qa5 7. Bxc5 Qxc5 8. c3
Nc6 9. cxd4 Nxd4 10. Qa4+ Bd7 11. Qxd4 Qc1+ 12. Ke2 Bb5+ 13. Ke3 Bxf1 14. Qc3
Qd1 15. Kf4 Ne7 16. Kg3 Rc8 17. Qb3 Nf5+ 18. Kh3 Qe2 19. Na3 Nd4 20. Qe3 Qxf3+
21. Qxf3 Nxf3 22. Rhxf1 Nxe5 23. Nb5 Rd8 24. Nxa7 Rxd2 25. Kg3 Ke7 26. Rfb1 Rd7
27. a4 Ra8 28. Nb5 Rc8 29. Ra2 Rc4 30. f3 Nc6 31. Rb3 Rb4 32. Rxb4 Nxb4 33. Rb2
Nc6 34. Nc3 f5 35. Rb5 Kf6 36. Rb6 g5 37. h3 h5 38. Kf2 h4 39. Ke3 Ne5 40. Ke2
Nd3 41. Rb1 Nf4+ 42. Kf1 Rc7 43. Ne2 Nd5 44. a5 Ne7 45. g3 hxg3 46. Nxg3 Nd5
47. Ne2 Rh7 48. Kf2 Rc7 49. Rb2 Nc3 50. Nxc3 Rxc3 51. Rxb7 Ra3 52. Rb5 Ra2+ 53.
Kg1 Ke7 54. Rb7+ Kf6 55. Rb5 Kg6 56. Re5 Kh5 57. Rxe6 Rxa5 58. Re2 Kh4 59. Kg2
Ra3 60. Rb2 1/2-1/2

[Event "Lazy PERLA BALTYKU"]
[Site "?"]
[Date "2016.06.27"]
[Round "2.11"]
[White "Nowak, Kamil"]
[Black "Dmochowska, Agnieszka"]
[Result "1-0"]
[WhiteElo "2313"]
[BlackElo "2059"]
[PlyCount "77"]
[EventDate "2016.??.??"]

1. d4 Nf6 2. c4 e6 3. Nc3 Bb4 4. Qc2 c5 5. dxc5 Na6 6. a3 Bxc3+ 7. Qxc3 Nxc5 8.
b4 Nce4 9. Qd4 d5 10. c5 b6 11. f3 bxc5 12. bxc5 Qa5+ 13. Qb4 Qxb4+ 14. axb4
Nc3 15. e3 Bd7 16. Ne2 Nxe2 17. Bxe2 O-O 18. b5 Rfb8 19. c6 Be8 20. Bd2 a6 21.
c7 Rb7 22. Rxa6 Rxa6 23. c8=Q Raa7 24. Kf2 Rc7 25. Qd8 Rd7 26. Qb6 Rdc7 27. Rc1
Rcb7 28. Qd4 Ra8 29. Rb1 Ra2 30. Rb2 Rxb2 31. Qxb2 Nd7 32. Qc2 Nb6 33. Ba5 Nc4
34. Bxc4 dxc4 35. Qxc4 Rxb5 36. Qc8 Rb2+ 37. Kg3 Kf8 38. Bb4+ Rxb4 39. Qc5+ 1-0

[Event "Lazy PERLA BALTYKU"]
[Site "?"]
[Date "2016.06.27"]
[Round "2.12"]
[White "Kokoszczynski, Jan"]
[Black "Marczuk, Dominik"]
[Result "1/2-1/2"]
[WhiteElo "1921"]
[BlackElo "2298"]
[PlyCount "112"]
[EventDate "2016.??.??"]

1. e4 c5 2. Nf3 d6 3. d4 cxd4 4. Nxd4 Nf6 5. Nc3 a6 6. g3 e5 7. Nb3 Bg4 8. f3
Be6 9. Bg2 Be7 10. Be3 O-O 11. O-O Nbd7 12. Re1 Nb6 13. Qe2 Nc4 14. Bc1 Qb6+
15. Qf2 Qc7 16. Nd2 Nb6 17. Nf1 d5 18. exd5 Nfxd5 19. Nxd5 Nxd5 20. Ne3 Bc5 21.
Kh1 Rac8 22. c3 Nf4 23. Qf1 Nxg2 24. Nxg2 Rcd8 25. Be3 Bxe3 26. Nxe3 Rd2 27.
Re2 Rfd8 28. Qf2 R2d3 29. a3 Qc6 30. Kg1 b5 31. Rae1 Bc8 32. Ng4 f6 33. Re3 Bb7
34. Kg2 Rd2 35. R3e2 R2d3 36. Re3 R3d7 37. R3e2 a5 38. h4 Qc4 39. Ne3 Qe6 40.
Kh2 g6 41. Nc2 Qc6 42. Kg2 Rd1 43. Rxd1 Rxd1 44. Re1 Rd3 45. Re3 Rd7 46. Re2
Kg7 47. Ne1 Qd5 48. Nc2 Qd3 49. Re3 Qd1 50. Re2 e4 51. Ne1 exf3+ 52. Nxf3 Qd5
53. Re3 h6 54. Qe2 g5 55. Kf2 Qf5 56. Re7+ Kf8 1/2-1/2

[Event "Lazy PERLA BALTYKU"]
[Site "?"]
[Date "2016.06.27"]
[Round "2.14"]
[White "Krainski, Slawomir"]
[Black "Nowak, Maciej"]
[Result "1/2-1/2"]
[WhiteElo "2146"]
[BlackElo "2007"]
[PlyCount "116"]
[EventDate "2016.??.??"]

1. e4 c5 2. Nf3 Nc6 3. d4 cxd4 4. Nxd4 Nf6 5. Nc3 d6 6. Bg5 e6 7. Qd2 a6 8.
O-O-O h6 9. Bxf6 Qxf6 10. Nb3 Qd8 11. Kb1 Be7 12. f4 Qc7 13. Be2 Bd7 14. Rhe1
O-O-O 15. Bf3 g5 16. g3 Be8 17. Nd5 exd5 18. exd5 Bf6 19. dxc6 Bxc6 20. Bxc6
Qxc6 21. Qd5 Qxd5 22. Rxd5 gxf4 23. gxf4 Rhg8 24. a4 Rg6 25. Re4 Rd7 26. a5 Re7
27. Rc4+ Rc7 28. Nd2 Be7 29. Rxc7+ Kxc7 30. Nc4 Rg4 31. Rf5 f6 32. Nb6 Rh4 33.
Rd5 Rxh2 34. Rd3 Rh5 35. b4 Kc6 36. Ka2 d5 37. Kb3 Bd8 38. Rc3+ Kd6 39. Na4 d4
40. Rd3 Rd5 41. Kc4 h5 42. Nc3 Rf5 43. Rxd4+ Kc7 44. Nd5+ Kc8 45. Ne3 Rb5 46.
Kb3 h4 47. Nd5 Bxa5 48. c4 Rb6 49. Nxb6+ Bxb6 50. Rd6 Bd8 51. Rd3 Bc7 52. f5
Be5 53. c5 Kc7 54. Kc4 Kc6 55. Rf3 Bg3 56. Re3 Be5 57. Rf3 Bg3 58. Kd4 Be5+
1/2-1/2

[Event "Lazy PERLA BALTYKU"]
[Site "?"]
[Date "2016.06.27"]
[Round "2.15"]
[White "Sciborowski, Miroslaw"]
[Black "Kowalski, Igor"]
[Result "1/2-1/2"]
[WhiteElo "2003"]
[BlackElo "2131"]
[PlyCount "71"]
[EventDate "2016.??.??"]

1. d4 Nf6 2. Nf3 e6 3. g3 d5 4. Bg2 c5 5. O-O Nc6 6. c4 dxc4 7. Qa4 Nd7 8. dxc5
Bxc5 9. Qxc4 O-O 10. Nc3 Be7 11. Rd1 Qa5 12. a3 Nf6 13. Qb5 Qxb5 14. Nxb5 e5
15. b4 Bg4 16. h3 Bh5 17. g4 Bg6 18. Bb2 e4 19. Ne5 Nxe5 20. Bxe5 Rfd8 21.
Rxd8+ Rxd8 22. Nxa7 h5 23. Rc1 hxg4 24. Rc7 Rd7 25. hxg4 Rxc7 26. Bxc7 Nxg4 27.
Nc8 Bh4 28. f3 Ne3 29. a4 Nxg2 30. Kxg2 exf3+ 31. exf3 Bc2 32. a5 Ba4 33. Nd6
Be7 34. Nxb7 Bxb4 35. a6 Bc6 36. Na5 1/2-1/2

[Event "Lazy PERLA BALTYKU"]
[Site "?"]
[Date "2016.06.27"]
[Round "2.16"]
[White "Karbowiak, Adam"]
[Black "Kozak, Antoni"]
[Result "1-0"]
[WhiteElo "2128"]
[BlackElo "1981"]
[PlyCount "117"]
[EventDate "2016.??.??"]

1. c4 Nf6 2. g3 c5 3. Bg2 d5 4. cxd5 Nxd5 5. d4 e6 6. Nf3 Be7 7. O-O O-O 8. Nc3
Nc6 9. Nxd5 exd5 10. Be3 c4 11. b3 Na5 12. Bd2 Ba3 13. Qe1 Nc6 14. bxc4 dxc4
15. Bc3 f5 16. Rd1 a5 17. d5 Nb8 18. Nd4 Re8 19. Nb5 Bd6 20. Bxa5 b6 21. Nxd6
Qxd6 22. Bb4 Qe5 23. a3 Ba6 24. d6 Ra7 25. Bc3 Qxe2 26. Bd5+ Kf8 27. Bb4 Nd7
28. Qc3 Qe5 29. Rfe1 Qxc3 30. Bxc3 Rxe1+ 31. Rxe1 Bb7 32. Bxb7 Rxb7 33. Re7 Nc5
34. Bxg7+ Kg8 35. Bd4 c3 36. Bxc3 Rd7 37. Rxd7 Nxd7 38. Kg2 Kf7 39. Kf3 Ke6 40.
Kf4 Nc5 41. Bb4 Nd3+ 42. Ke3 Ne5 43. h3 Nc4+ 44. Kf4 Ne5 45. g4 fxg4 46. hxg4
Nd3+ 47. Kg3 Ne5 48. f4 Nd7 49. Kf3 Kd5 50. g5 Kd4 51. f5 Ke5 52. Kg4 Ke4 53.
g6 hxg6 54. fxg6 Ke5 55. Bc3+ Ke6 56. g7 Kf7 57. a4 Nc5 58. Bd4 Ne6 59. d7 1-0

[Event "Lazy PERLA BALTYKU"]
[Site "?"]
[Date "2016.06.27"]
[Round "2.17"]
[White "Garbowski, Jakub"]
[Black "Szpar, Milosz"]
[Result "1/2-1/2"]
[WhiteElo "2102"]
[BlackElo "1943"]
[PlyCount "77"]
[EventDate "2016.??.??"]

1. e4 c5 2. Nf3 Nc6 3. d4 cxd4 4. Nxd4 g6 5. c4 Bg7 6. Be3 Nf6 7. Nc3 d6 8. Be2
O-O 9. O-O Qa5 10. f3 Nxd4 11. Bxd4 Be6 12. Qd2 Rfc8 13. b3 Rab8 14. Rad1 a6
15. Qb2 Ne8 16. Bxg7 Nxg7 17. Rc1 b5 18. Nd5 Bxd5 19. cxd5 Qb6+ 20. Kh1 Qe3 21.
Rc2 Rxc2 22. Qxc2 Nh5 23. g3 Nf6 24. Kg2 Nd7 25. Rd1 Kg7 26. Rd3 Qc5 27. Rc3
Qa7 28. Rc7 Rb7 29. Rxb7 Qxb7 30. Qc6 Qa7 31. Qc3+ f6 32. b4 Nb6 33. Qd4 Qc7
34. Kf2 Kf7 35. g4 g5 36. Qe3 Nc4 37. Qd4 Ne5 38. Qd2 Nc4 39. Qd4 1/2-1/2

[Event "Lazy PERLA BALTYKU"]
[Site "?"]
[Date "2016.06.27"]
[Round "2.18"]
[White "Nowak, Mikolaj"]
[Black "Dombrowski, Bartosz"]
[Result "1-0"]
[WhiteElo "2091"]
[BlackElo "1913"]
[PlyCount "55"]
[EventDate "2016.??.??"]

1. d4 d5 2. c4 e6 3. Nc3 Nf6 4. Bg5 Nbd7 5. cxd5 exd5 6. Nf3 Be7 7. e3 O-O 8.
Bd3 h6 9. Bh4 c6 10. O-O Ne4 11. Bxe7 Qxe7 12. Qc2 f5 13. Rab1 g5 14. Rfc1 Kh8
15. b4 g4 16. Nd2 Qh4 17. g3 Qg5 18. Bxe4 fxe4 19. Ne2 Qf5 20. Nf4 Nf6 21. Nb3
Nh7 22. Qc5 Bd7 23. Qd6 Ng5 24. Nc5 Rf7 25. Kg2 b6 26. Nxd7 Rxd7 27. Qxc6 Rf8
28. Qg6 1-0

[Event "Lazy PERLA BALTYKU"]
[Site "?"]
[Date "2016.06.27"]
[Round "2.19"]
[White "Konieczynski, Piotr"]
[Black "Mazalon, Mariusz"]
[Result "1/2-1/2"]
[WhiteElo "1973"]
[BlackElo "2083"]
[PlyCount "90"]
[EventDate "2016.??.??"]

1. d4 Nf6 2. c4 g6 3. Nc3 Bg7 4. e4 O-O 5. Nf3 c6 6. e5 Ne8 7. Be2 d6 8. O-O c5
9. dxc5 Nc6 10. cxd6 exd6 11. exd6 Nxd6 12. Bf4 Nf5 13. Qxd8 Rxd8 14. Rfd1 Nfd4
15. Nxd4 Nxd4 16. Bf1 Be6 17. Rac1 h6 18. b3 Rac8 19. h3 f5 20. Nb5 Nxb5 21.
Rxd8+ Rxd8 22. cxb5 g5 23. Be3 b6 24. g3 Be5 25. f4 gxf4 26. Bxf4 Bxf4 27. gxf4
Rd2 28. Re1 Kf7 29. Re2 Rd4 30. Rc2 Ke7 31. Rc7+ Rd7 32. Rc6 Rd4 33. Bc4 Bxc4
34. bxc4 Rxf4 35. Rxh6 Rxc4 36. Rh7+ Kf6 37. Rxa7 Rc2 38. a4 f4 39. Rb7 Kf5 40.
Rxb6 Ke4 41. Rc6 Ra2 42. Rc3 f3 43. Rb3 Ra1+ 44. Kf2 Ra2+ 45. Kg1 Ra1+ 1/2-1/2

[Event "Lazy PERLA BALTYKU"]
[Site "?"]
[Date "2016.06.27"]
[Round "2.20"]
[White "Antolak, Julia"]
[Black "Korpalski, Maciej"]
[Result "1-0"]
[WhiteElo "2073"]
[BlackElo "1968"]
[PlyCount "53"]
[EventDate "2016.??.??"]

1. e4 c5 2. Nf3 d6 3. d4 cxd4 4. Nxd4 Nf6 5. Nc3 a6 6. Be3 e6 7. g4 h6 8. h4 b5
9. a3 Bb7 10. Bg2 Qc7 11. Qe2 Nfd7 12. O-O-O Nb6 13. g5 hxg5 14. hxg5 Rxh1 15.
Rxh1 g6 16. Rh7 N8d7 17. Qg4 e5 18. Qf3 Nc5 19. Ndxb5 axb5 20. Nxb5 Nd3+ 21.
Kb1 Qxc2+ 22. Kxc2 Ne1+ 23. Kd1 Nxf3 24. Nc7+ Kd8 25. Bxb6 Nxg5 26. Ne6+ Ke8
27. Nxg5 1-0

[Event "Lazy PERLA BALTYKU"]
[Site "?"]
[Date "2016.06.27"]
[Round "2.21"]
[White "Sliwicka, Alicja"]
[Black "Jedrocha, Katarzyna"]
[Result "1-0"]
[WhiteElo "2041"]
[BlackElo "1948"]
[PlyCount "51"]
[EventDate "2016.??.??"]

1. e4 c5 2. Nf3 d6 3. d4 cxd4 4. Qxd4 Bd7 5. c4 Nc6 6. Qd2 g6 7. b3 Bg7 8. Nc3
Nf6 9. Bb2 O-O 10. Be2 Qa5 11. Rb1 Ng4 12. O-O Bh6 13. Qd1 f5 14. c5 Be6 15.
exf5 Bxf5 16. Nh4 Nge5 17. Nxf5 Rxf5 18. cxd6 Rd8 19. Nd5 exd6 20. b4 Qxa2 21.
b5 Nd3 22. Bxd3 Rxd5 23. bxc6 bxc6 24. Qe2 Rc5 25. Qe7 Qa5 26. Ra1 1-0

[Event "Lazy PERLA BALTYKU"]
[Site "?"]
[Date "2016.06.27"]
[Round "2.22"]
[White "Buraczewski, Rafal"]
[Black "Marczuk, Anna"]
[Result "1-0"]
[WhiteElo "2032"]
[BlackElo "1931"]
[PlyCount "79"]
[EventDate "2016.??.??"]

1. d4 f5 2. Nf3 Nf6 3. c4 d6 4. Nc3 g6 5. g3 Bg7 6. Bg2 O-O 7. O-O e6 8. Qc2
Nc6 9. Rd1 Qe8 10. d5 Nb4 11. Qb3 Na6 12. dxe6 Nc5 13. Qc2 Bxe6 14. Nb5 Qc8 15.
Ng5 Bd7 16. Be3 a6 17. Nc3 Ne6 18. Qb3 Nxg5 19. Bxg5 Rb8 20. Be3 b6 21. Nd5 Qd8
22. c5 Nxd5 23. Qxd5+ Kh8 24. cxd6 cxd6 25. Qxd6 Bb5 26. Qb4 Qf6 27. Bd4 Qf7
28. Bf3 g5 29. a4 Bc4 30. Bxg7+ Kxg7 31. Rd4 Be6 32. Rad1 Rfc8 33. Bd5 Bxd5 34.
Rxd5 Rc7 35. Rd6 b5 36. Qd4+ Kg8 37. axb5 axb5 38. Rd8+ Rxd8 39. Qxd8+ Kg7 40.
Qxg5+ 1-0

[Event "Lazy PERLA BALTYKU"]
[Site "?"]
[Date "2016.06.27"]
[Round "2.23"]
[White "Katafiasz, Tomasz"]
[Black "Lebiedowicz, Borys"]
[Result "1/2-1/2"]
[WhiteElo "1888"]
[BlackElo "2002"]
[PlyCount "90"]
[EventDate "2016.??.??"]

1. Nf3 Nf6 2. g3 g6 3. Bg2 Bg7 4. O-O O-O 5. d4 d5 6. c4 e6 7. Nc3 c6 8. Ne5
Nbd7 9. f4 Qc7 10. b3 b6 11. Ba3 Rd8 12. cxd5 Nxd5 13. Nxd5 exd5 14. Rc1 Nxe5
15. dxe5 Bf5 16. Bd6 Qd7 17. e4 dxe4 18. Qc2 c5 19. Bxe4 Bxe4 20. Qxe4 Re8 21.
Rcd1 Rad8 22. Qf3 Qe6 23. g4 f5 24. h3 Bf8 25. Bxf8 Rxf8 26. g5 a5 27. Rxd8
Rxd8 28. Rd1 Qe7 29. Qe2 Rd7 30. Kf2 Qd8 31. Ke1 Rxd1+ 32. Qxd1 Qa8 33. Kf2 Qe4
34. Qf3 Qd4+ 35. Qe3 Qd1 36. Qe2 Qd4+ 37. Kf3 Kf8 38. Qc4 Qd1+ 39. Kf2 Qd2+ 40.
Kf3 Qh2 41. Qe6 Qxh3+ 42. Ke2 Qh2+ 43. Kd3 Qg3+ 44. Kc2 Qf2+ 45. Kc3 Qd4+
1/2-1/2

[Event "Lazy PERLA BALTYKU"]
[Site "?"]
[Date "2016.06.27"]
[Round "2.24"]
[White "Franckowski, Janusz"]
[Black "Frej, Zofia"]
[Result "1-0"]
[WhiteElo "2001"]
[BlackElo "1929"]
[PlyCount "115"]
[EventDate "2016.??.??"]

1. d4 d5 2. Nf3 e6 3. c4 c5 4. cxd5 exd5 5. Nc3 Nc6 6. g3 Nf6 7. Bg2 c4 8. O-O
Bd6 9. Bg5 Be7 10. b3 cxb3 11. Qxb3 Na5 12. Qd1 O-O 13. Ne5 Be6 14. Rc1 h6 15.
Bxf6 Bxf6 16. e4 dxe4 17. Nxe4 Bxe5 18. dxe5 Nc4 19. Nc5 Qxd1 20. Rfxd1 Nxe5
21. Nxe6 fxe6 22. Rd6 Ng4 23. Rxe6 Nxf2 24. Rc7 Rad8 25. Ree7 Rd1+ 26. Bf1 Nh3+
27. Kg2 Rfxf1 28. Rxg7+ Kf8 29. Kxh3 Rf2 30. Rh7 Kg8 31. Rcg7+ Kf8 32. Rxb7 Kg8
33. Rbg7+ Kf8 34. Rxa7 Kg8 35. Rhb7 Rd8 36. a4 Rf5 37. Rg7+ Kf8 38. Kh4 Rd4+
39. Rg4 Rdd5 40. Rf4 h5 41. a5 Rxf4+ 42. gxf4 Ke8 43. a6 Ra5 44. f5 Kf8 45. Kg5
Ra2 46. Kf6 Kg8 47. h4 Ra4 48. Kg6 Rg4+ 49. Kxh5 Ra4 50. Kg5 Ra1 51. h5 Rg1+
52. Kf6 Ra1 53. h6 Ra2 54. Rg7+ Kh8 55. a7 Ra6+ 56. Kg5 Ra5 57. Rb7 Ra6 58. f6
1-0

[Event "Lazy PERLA BALTYKU"]
[Site "?"]
[Date "2016.06.27"]
[Round "2.25"]
[White "Szewczak, Andrzej"]
[Black "Kicinski, Jacek"]
[Result "1/2-1/2"]
[WhiteElo "1803"]
[BlackElo "1998"]
[PlyCount "132"]
[EventDate "2016.??.??"]

1. e4 e6 2. d4 d5 3. exd5 exd5 4. Bd3 Nf6 5. Ne2 Bd6 6. Bf4 Bg4 7. f3 Bh5 8.
Qd2 Bg6 9. Bb5+ c6 10. Ba4 O-O 11. O-O Re8 12. Bxd6 Qxd6 13. Nf4 Nh5 14. Nxg6
Qxg6 15. Nc3 Na6 16. Rae1 Nc7 17. Re5 f6 18. Ree1 f5 19. Nd1 Qd6 20. Nf2 Nf4
21. g3 Ng6 22. f4 Nf8 23. Re5 Rxe5 24. fxe5 Qe7 25. Nd3 g6 26. c3 Nfe6 27. Qh6
Qg7 28. Qe3 Rf8 29. h4 h6 30. Kf2 f4 31. gxf4 g5 32. hxg5 hxg5 33. Ke1 gxf4 34.
Nxf4 Nxf4 35. Rxf4 Rxf4 36. Qxf4 Ne6 37. Qf2 Qg5 38. Kd1 Nf4 39. Bc2 Kf7 40.
Bd3 Ke6 41. Bf1 Qf5 42. Qc2 Qg5 43. Qd2 Qf5 44. Kc1 Qe4 45. b3 b5 46. Kb2 Qf3
47. Qe1 a5 48. a4 bxa4 49. bxa4 Kf5 50. Ba6 Ke6 51. Bc8+ Kf7 52. e6+ Kg7 53.
Kb3 Ne2 54. Qd2 Qe4 55. Qg5+ Kh7 56. Qh5+ Kg7 57. Qe5+ Qxe5 58. dxe5 Kf8 59. c4
Ke7 60. cxd5 cxd5 61. Bd7 Nd4+ 62. Kc3 Nf3 63. Bc8 Nxe5 64. Kd4 Kd6 65. Bb7
Kxe6 66. Bxd5+ Kd6 1/2-1/2

[Event "Lazy PERLA BALTYKU"]
[Site "?"]
[Date "2016.06.27"]
[Round "2.26"]
[White "Wisniewski, Jacek"]
[Black "Godzwon, Iwo"]
[Result "1/2-1/2"]
[WhiteElo "1989"]
[BlackElo "1884"]
[PlyCount "79"]
[EventDate "2016.??.??"]

1. d4 Nf6 2. Nf3 g6 3. g3 Bg7 4. Bg2 d5 5. O-O O-O 6. c4 c6 7. Nc3 Bf5 8. Qb3
Qb6 9. c5 Qxb3 10. axb3 Na6 11. Ne5 Ne4 12. Nxc6 bxc6 13. Rxa6 Bxd4 14. Rxc6
Bxc3 15. Bxe4 Bxe4 16. bxc3 d4 17. Rc7 dxc3 18. Rxe7 Bd5 19. Re3 Bxb3 20. Rxc3
Be6 21. c6 Rfc8 22. Ba3 a5 23. Rb1 a4 24. Rb4 Ra7 25. Rb7 Raa8 26. f3 Kg7 27.
Kf2 Rab8 28. Bd6 Ra8 29. c7 Ra6 30. Ba3 f6 31. Rb8 Kf7 32. e4 Ra7 33. Rxc8 Bxc8
34. Ke3 Ke8 35. Rc6 Ra6 36. Rc4 Kd7 37. Kd4 Rc6 38. Rxa4 Rxc7 39. Bc5 Ke6 40.
Ra7 1/2-1/2

[Event "Lazy PERLA BALTYKU"]
[Site "Lazy"]
[Date "2016.06.28"]
[Round "3.1"]
[White "Stupak, Kirill"]
[Black "Kyc, Jerzy"]
[Result "1-0"]
[WhiteElo "2555"]
[BlackElo "2225"]
[PlyCount "56"]
[EventDate "2016.??.??"]

1. d4 Nf6 2. c4 g6 3. Nc3 d5 4. cxd5 Nxd5 5. Bd2 Bg7 6. e4 Nb6 7. Be3 O-O 8. h3
Nc6 9. Nf3 f5 10. Qb3+ Kh8 11. exf5 Bxf5 12. d5 Ne5 13. Nd4 c6 14. f4 Nd3+ 15.
Bxd3 Bxd3 16. Ne6 Qd6 17. Bc5 Qd7 18. Bxb6 axb6 19. O-O-O Ba6 20. Qxb6 Rf6 21.
Nxg7 Kxg7 22. dxc6 Qc8 23. Rhe1 Rxc6 24. Rxe7+ Kg8 25. Qd4 Qf8 26. Qd5+ Kh8 27.
Qe5+ Kg8 28. Rdd7 Qd8 1-0